Jawaharlal Nehru : an autobiography; With musing on recent events in India
Gorde:
| Egile nagusia: | |
|---|---|
| Formatua: | Liburua |
| Hizkuntza: | Undetermined |
| Argitaratua: |
London
John Lane the Bodley Head
1942
|
| Gaiak: | |
| Etiketak: |
Etiketa erantsi
Etiketarik gabe, Izan zaitez lehena erregistro honi etiketa jartzen!
|
| Thư viện lưu trữ: | Trung tâm Học liệu Trường Đại học Cần Thơ |
|---|
| LEADER | 00547nam a2200193Ia 4500 | ||
|---|---|---|---|
| 001 | CTU_92586 | ||
| 008 | 210402s9999 xx 000 0 und d | ||
| 082 | |a 923.254 | ||
| 082 | |b N396 | ||
| 100 | |a Nehru, Jawaharlal | ||
| 245 | 0 | |a Jawaharlal Nehru : | |
| 245 | 3 | |b an autobiography; With musing on recent events in India | |
| 245 | 0 | |c Jawaharlal Nehru | |
| 260 | |a London | ||
| 260 | |b John Lane the Bodley Head | ||
| 260 | |c 1942 | ||
| 650 | |a Jawaharlal Nehru | ||
| 904 | |i Nguyên | ||
| 980 | |a Trung tâm Học liệu Trường Đại học Cần Thơ | ||